000
00308 a2200133 4500
001
142461
040
_c
Leonardo Da Vinci
041
_a
Português
082
_a
v203
100
_a
COLÉGIO Leonardo da Vinci - Anglo
245
_a
Lamarca
697
_a
Anglo
_a
História
_a
Lamarca
_a
Blade Runner
942
_c
VM
999
_c
142461
_d
142461